000 00542nam a2200205 i 4500
001 120726
003 ES-MaACL
005 20230906191618.0
007 t|
008 070214s1922 fr r ||||1| fre d
100 1 _aPolicard, A.
_992822
245 1 0 _aPrécis d'histologie physiologique /
_cpar A. Policard.
260 _aParis :
_bGaston Doin,
_c1922.
300 _a1117 p. :
_bil. ;
_c19 cm.
490 1 _aTestut
650 4 _aHistología.
_9164981
830 0 _aTestut
_9184112
852 _aES-MaACL
_jF-2581
999 _c120726
_d120726